000 00569nam a2200241 a 4500
001 nice12345678
003 IN_TiNIC
005 20260116011306.0
008 050524s1958 caia grp 000 0 eng
020 _a
_c12.4
082 0 0 _a297
_bCAL
100 _aCalverley, E E
245 _aIslam an Introduction
260 _aCairo
_bAmerican University
_c1958
300 _a97p
500 _aincludes index and biblioraphy
505 2 _aIll, Index
650 _aIslam-Meccan Trade
700 1 _aCalverley, E E
902 _bSRS
942 _cBK
999 _c227
_d227